Statistics for Largest Atlantic Ocean cities

Click here to take the quiz!

General Stats

  • This quiz has been taken 397 times
    (208 since last reset)
  • The average score is 18 of 50

Answer Stats

PopulationContinentCity% Correct
22,200,000North AmericaNew York City
99%
12,800,000South AmericaRio de Janeiro
91%
16,100,000South AmericaBuenos Aires
80%
22,100,000South AmericaSao Paulo
79%
6,250,000North AmericaMiami
77%
7,600,000North AmericaBoston
75%
18,200,000AfricaLagos
75%
2,600,000EuropeLisbon
66%
4,150,000AfricaCape Town
64%
4,350,000AfricaCasablanca
60%
7,700,000AfricaLuanda
50%
1,800,000EuropePorto
47%
3,500,000AfricaDakar
46%
2,450,000EuropeAmsterdam
44%
3,750,000South AmericaCaracas
43%
2,250,000North AmericaHavana
43%
1,850,000South AmericaMontevideo
43%
5,100,000AfricaAccra
41%
2,000,000AfricaRabat
35%
3,650,000South AmericaFortaleza
34%
3,800,000South AmericaRecife
34%
6,500,000North AmericaHouston
33%
5,400,000AfricaAbidjan
32%
4,200,000North AmericaTampa
32%
3,700,000South AmericaSalvador
31%
2,200,000EuropeStockholm
30%
1,650,000EuropeCopenhagen
29%
3,200,000EuropeRotterdam
28%
3,850,000North AmericaSanto Domingo
26%
5,600,000EuropeSt. Petersburg
25%
2,250,000South AmericaBelem
23%
3,100,000North AmericaPort-au-Prince
23%
1,900,000EuropeLiverpool
22%
2,400,000AfricaConakry
21%
3,150,000AfricaDouala
20%
2,100,000South AmericaBaranquilla
19%
2,000,000AfricaLome
19%
3,350,000South AmericaCuritiba
18%
1,650,000AfricaFreetown
18%
1,750,000EuropeGlasgow
18%
1,500,000AfricaMonrovia
18%
1,500,000South AmericaNatal
17%
1,650,000North AmericaVirginia Beach
16%
1,900,000South AmericaMaracaibo
15%
2,200,000AfricaPort Harcourt
13%
1,750,000AfricaCotonou
12%
2,100,000North AmericaSan Juan
12%
1,500,000South AmericaSao Luis
10%
1,850,000South AmericaVitoria
7%
1,500,000EuropeNewcastle
4%

Score Distribution

Percentile by Number Answered

Percent of People with Each Score

Your Score History

You have not taken this quiz since the last reset